[Event "Godesberg- Oberhausen"]
[Site "?"]
[Date "2023.03.05"]
[Round "6.7"]
[White "Gross, Thomas"]
[Black "Kutzner, Stephen"]
[Result "0-1"]
[WhiteElo "2029"]
[BlackElo "2050"]
[Annotator "daniel"]
[PlyCount "162"]
[SourceVersionDate "2023.06.22"]

1. Nf3 d5 2. g3 Nf6 3. Bg2 g6 4. b3 Bg7 5. Bb2 O-O 6. c4 c6 7. O-O dxc4 8. bxc4
Qb6 9. Qc2 Na6 10. d3 Bf5 11. Bd4 c5 12. Bb2 Nb4 13. Qb3 Qc7 14. Be5 Qd7 15.
Rd1 Qe6 16. Qb2 Nc6 17. Bc3 Rab8 18. Ng5 Qd7 19. Nd2 $11 Rfd8 20. Nde4 Nxe4 21.
Nxe4 Bxe4 22. Bxg7 Bxg2 23. Kxg2 f6 24. Bh6 g5 25. Rh1 Qd4 26. Rab1 Qxb2 27.
Rxb2 Kf7 28. h4 Kg6 29. hxg5 fxg5 30. f4 g4 31. Bg5 h5 32. Kf2 Rd7 33. Rhb1 Nd8
34. Rb5 Ne6 35. Bh4 Rc7 36. Ra5 b6 37. Ra6 Rcb7 38. Ra3 Nd4 39. Rb2 Rf8 40. Kg2
Nf5 41. Bg5 Ne3+ 42. Kg1 e5 43. Rb1 h4 44. Bxh4 Nc2 45. Rab3 exf4 46. gxf4 Rh7
47. Bg3 Nd4 48. R3b2 Nf5 49. Kg2 Nxg3 50. Kxg3 Rh3+ 51. Kxg4 Rfh8 52. Rxb6+
axb6 53. Rxb6+ Kf7 54. Rb7+ Kf6 55. Rb6+ Ke7 56. Rb7+ Kd6 57. Rb6+ Kc7 58. Re6
Rh2 59. Re5 Rg8+ 60. Kf3 Kd6 61. a4 Rh3+ 62. Kf2 Rf8 63. e3 Rb8 64. Kg2 Rh7 65.
Kf3 Rg8 66. a5 Rh3+ 67. Kf2 Ra8 68. Kg2 Rh7 69. d4 Rxa5 70. d5 Re7 71. Rxe7
Kxe7 72. Kf3 Ra3 73. Ke4 Rb3 74. f5 Rc3 75. Kf4 Rxc4+ 76. Ke5 Rc1 77. d6+ Kd7
78. f6 Rf1 79. e4 c4 80. Kd4 Kxd6 81. e5+ Ke6 0-1

[Event "Godesberg- Oberhausen"]
[Site "?"]
[Date "2023.03.05"]
[Round "6.8"]
[White "Mantau, Jan"]
[Black "Kraus, Kilian"]
[Result "1/2-1/2"]
[WhiteElo "2166"]
[BlackElo "1763"]
[PlyCount "64"]
[SourceVersionDate "2023.06.22"]

1. e4 c6 2. d4 d5 3. Nc3 dxe4 4. Nxe4 Nf6 5. Nxf6+ gxf6 6. Nf3 Bg4 7. Be2 e6 8.
Bf4 Bd6 9. Qd2 Qc7 10. Bxd6 Qxd6 11. O-O-O Nd7 12. Qa5 Qd5 13. Qa3 b5 14. Kb1
a5 15. h3 b4 16. Qe3 Bf5 17. g4 Bg6 18. Nd2 Nb6 19. f4 O-O-O 20. Nb3 Nc4 21.
Qf2 a4 22. Nc5 b3 23. axb3 axb3 24. Bd3 Qxd4 25. Qxd4 Rxd4 26. f5 bxc2+ 27.
Kxc2 exf5 28. Kc3 Rxd3+ 29. Nxd3 Ne3 30. Ra1 Kc7 31. Rhe1 Nd5+ 32. Kd4 Rd8
1/2-1/2

[Event "Bünde- Porz 2"]
[Site "?"]
[Date "2023.03.05"]
[Round "6.1"]
[White "Gallasch, Jonas"]
[Black "Pieper- Emden, Carsten"]
[Result "1/2-1/2"]
[WhiteElo "2301"]
[BlackElo "2246"]
[Annotator "daniel"]
[PlyCount "114"]
[SourceVersionDate "2023.06.22"]

1. d4 d5 2. c4 c6 3. Nf3 Nf6 4. Nc3 a6 5. Ne5 dxc4 6. Nxc4 Be6 7. Ne5 Nbd7 8.
Nd3 Bf5 9. g3 Qb6 10. e3 h6 11. Bg2 Bh7 12. O-O e6 $11 13. b3 Be7 14. Bb2 O-O
15. Qe2 Rfd8 16. Rfd1 Rac8 17. Rac1 Qa5 18. a3 Qb6 19. b4 a5 20. Na4 Qb5 21.
Nac5 axb4 22. axb4 Ra8 23. Qe1 Bxd3 24. Nxd3 Nd5 25. e4 Nxb4 26. Nxb4 Bxb4 27.
Qe3 Bf8 28. Rb1 Ra2 29. Bf1 Qa4 30. Qc1 Qa8 31. Bc4 Ra7 32. d5 exd5 33. exd5
Nb6 34. Bd4 c5 35. Be5 Nc8 36. Qf4 Bd6 37. Re1 Bxe5 38. Rxe5 Ra1 39. Bd3 Rxb1+
40. Bxb1 Nd6 41. Qc1 Qa4 42. Qxc5 Qd1+ 43. Kg2 Qxb1 44. Qc7 Ra8 45. Qxd6 Ra1
46. Qc5 Qh1+ 47. Kh3 Qf1+ 48. Kg4 Qd1+ 49. Kh3 Qf1+ 50. Kg4 h5+ 51. Rxh5 Qe2+
52. Kh4 Ra4+ 53. f4 Qxh2+ 54. Kg4 Qe2+ 55. Kh4 Qh2+ 56. Kg4 Qe2+ 57. Kh4 Qh2+
1/2-1/2

[Event "Bünde- Porz 2"]
[Site "?"]
[Date "2023.03.05"]
[Round "6.3"]
[White "Gluma, Christian"]
[Black "Brunke, Christian"]
[Result "1/2-1/2"]
[WhiteElo "2160"]
[BlackElo "2185"]
[PlyCount "53"]
[SourceVersionDate "2023.06.22"]

1. e4 d5 2. exd5 Qxd5 3. Nc3 Qd6 4. d4 Nf6 5. Bg5 a6 6. Qd2 Bg4 7. h3 Bf5 8.
Nf3 Ne4 9. Nxe4 Bxe4 10. Be2 Nc6 11. Bf4 Qd7 12. O-O-O O-O-O 13. Ng5 Bg6 14. d5
Nb4 15. Qxb4 e5 16. Qc4 exf4 17. Qxf4 Bd6 18. Qc4 Kb8 19. Bd3 Be7 20. Nf3 Qxd5
21. Qxd5 Rxd5 22. Bxg6 Rxd1+ 23. Rxd1 hxg6 24. Re1 Bf6 25. Ne5 Kc8 26. f4 Re8
27. Kd2 1/2-1/2

[Event "Bünde- Porz 2"]
[Site "?"]
[Date "2023.03.05"]
[Round "6.4"]
[White "Moradi Kahlou, Benjamin"]
[Black "Mohammadi Nia, Borna"]
[Result "1/2-1/2"]
[WhiteElo "2062"]
[BlackElo "2132"]
[PlyCount "61"]
[SourceVersionDate "2023.06.22"]

1. e4 e6 2. d4 d5 3. exd5 exd5 4. Nf3 Nc6 5. Bb5 Bg4 6. O-O Qf6 7. Qe1+ Nge7 8.
Bg5 Qe6 9. Bxe7 Qxe1 10. Rxe1 Bxe7 11. Ne5 Bd7 12. Nc3 Nxe5 13. Rxe5 c6 14. Bd3
f6 15. Re3 Kf7 16. Rae1 Bd6 17. Ne2 Rae8 18. Ng3 g6 19. Rxe8 Rxe8 20. Rxe8 Bxe8
21. Nf1 Bf4 22. Ne3 Bd7 23. g3 Bh6 24. Kf1 Be6 25. Ke2 Ke7 26. h4 Bf7 27. c3
Kd6 28. Ng4 Bg7 29. f4 f5 30. Ne5 Bxe5 31. fxe5+ 1/2-1/2

[Event "Bünde- Porz 2"]
[Site "?"]
[Date "2023.03.05"]
[Round "6.5"]
[White "Gallasch, Robin"]
[Black "Altenbernd, Jannis"]
[Result "1-0"]
[WhiteElo "2055"]
[BlackElo "2006"]
[Annotator "daniel"]
[PlyCount "97"]
[SourceVersionDate "2023.06.22"]

1. d4 Nf6 2. Nf3 e6 3. e3 d5 4. Bd3 c5 5. b3 Nc6 6. O-O a6 7. Bb2 Be7 8. Nbd2
O-O 9. Ne5 Nb4 10. Be2 Ne4 11. Nxe4 dxe4 12. c3 Nd5 13. c4 Nb6 14. f3 exf3 15.
Bxf3 Rb8 16. Qc2 Nd7 17. Nd3 cxd4 18. exd4 b6 19. Nf4 Nf6 20. Nd3 Bb7 21. Ne5
Qc7 $11 22. Rae1 b5 23. c5 Bxf3 24. Rxf3 Rbd8 25. Ref1 Rd5 26. Nd3 Rg5 27. Bc1
Rg4 28. Bf4 Qd8 29. Qb2 Nh5 30. h3 Rg6 31. Ne5 Nxf4 32. Rxf4 Rf6 33. Nc6 Qd7
34. Nxe7+ Qxe7 35. Rxf6 gxf6 36. Qf2 f5 37. Qg3+ Kh8 38. Qe5+ f6 39. Qe3 Qd7
40. Re1 Re8 41. Kh1 Qd5 42. Qh6 Qxd4 43. Rxe6 Qd8 44. Rxe8+ Qxe8 45. Qxf6+ Kg8
46. Qxf5 Qe1+ 47. Kh2 Qc1 48. Qd5+ Kf8 49. Qd6+ 1-0

[Event "Bünde- Porz 2"]
[Site "?"]
[Date "2023.03.05"]
[Round "6.6"]
[White "Hagemeier, Ulrich"]
[Black "Sabirov, Rafael"]
[Result "0-1"]
[WhiteElo "1990"]
[BlackElo "2068"]
[PlyCount "104"]
[SourceVersionDate "2023.06.22"]

1. d4 Nf6 2. c4 c5 3. Nf3 cxd4 4. Nxd4 Nc6 5. Nxc6 bxc6 6. g3 e5 7. Bg2 Bc5 8.
O-O O-O 9. Nc3 Rb8 10. b3 Qc7 11. Bb2 Rd8 12. Rc1 Be7 13. Qc2 d6 14. h3 Be6 15.
Kh2 Qb7 16. Nd1 Nd7 17. e4 a5 18. Bc3 a4 19. bxa4 Bxc4 20. Ba5 Bxf1 21. Bxd8
Bxd8 22. Bxf1 Nc5 23. Bc4 Qb4 24. Bb3 Nxb3 25. axb3 c5 26. Qd3 Qd4 27. Rc3 Ba5
28. Qxd4 exd4 29. Rd3 Kf8 30. Kg2 Ke7 31. Kf1 Ke6 32. Ke2 Ke5 33. f3 Ke6 34. f4
g6 35. g4 f5 36. exf5+ gxf5 37. g5 Kf7 38. Nb2 Bc3 39. Nc4 Rxb3 40. Nxd6+ Ke6
41. Nb5 Rb2+ 42. Kd1 Bb4 43. Nxd4+ cxd4 44. Rxd4 Bd6 45. a5 Ra2 46. h4 Rxa5 47.
Ke2 Rb5 48. Ra4 Rb2+ 49. Kd3 Rh2 50. h5 Rxh5 51. Ke3 Rh3+ 52. Ke2 Rb3 0-1

[Event "Bünde- Porz 2"]
[Site "?"]
[Date "2023.03.05"]
[Round "6.7"]
[White "Niesel, Tobias"]
[Black "Gudath, Reiner"]
[Result "1/2-1/2"]
[WhiteElo "1904"]
[BlackElo "1941"]
[PlyCount "40"]
[SourceVersionDate "2023.06.22"]

1. c4 Nf6 2. g3 g6 3. Bg2 c5 4. Nc3 Bg7 5. d3 Nc6 6. e4 d6 7. Nge2 O-O 8. O-O
a6 9. h3 Rb8 10. f4 e6 11. g4 Nd4 12. Nxd4 cxd4 13. Ne2 Nd7 14. b3 b5 15. Bb2
f5 16. Ng3 Qh4 17. Kh2 fxg4 18. Qxg4 Qxg4 19. hxg4 Nc5 20. Rad1 b4 1/2-1/2

[Event "Sodingen- Lippstadt"]
[Site "?"]
[Date "2023.03.05"]
[Round "6.1"]
[White "Hecht, Carsten"]
[Black "Boehnke, Martin"]
[Result "1-0"]
[WhiteElo "2306"]
[BlackElo "2165"]
[PlyCount "67"]
[SourceVersionDate "2023.06.22"]

1. e4 c5 2. Nf3 d6 3. d4 cxd4 4. Nxd4 Nf6 5. Nc3 a6 6. Bg5 e6 7. f4 Nbd7 8. Qe2
Qc7 9. O-O-O b5 10. a3 Bb7 11. g4 Be7 12. Bg2 Nb6 13. Bh4 Rc8 14. Be1 d5 15. e5
Nfd7 16. f5 Nxe5 17. Bg3 Nbc4 18. Rhe1 Bg5+ 19. Kb1 Nxb2 20. Bxe5 Qxc3 21. Nxe6
Nxd1 22. Nxg5 O-O 23. Qxd1 Qxa3 24. Bb2 Qb4 25. f6 gxf6 26. Nh3 Rc4 27. Nf2
Rfc8 28. Nd3 Qd6 29. g5 Qxh2 30. gxf6 Kh8 31. Ne5 R4c7 32. Qg4 Rg8 33. Nxf7+
Rxf7 34. Qg7+ 1-0

[Event "Sodingen- Lippstadt"]
[Site "?"]
[Date "2023.03.05"]
[Round "6.2"]
[White "Waldschmidt, Georg"]
[Black "Wagner, Alexej"]
[Result "1-0"]
[WhiteElo "2178"]
[BlackElo "2272"]
[PlyCount "99"]
[SourceVersionDate "2023.06.22"]

1. e4 c5 2. c3 d5 3. exd5 Qxd5 4. d4 e6 5. Nf3 Nf6 6. Be2 Nc6 7. O-O cxd4 8.
cxd4 Be7 9. Nc3 Qd6 10. Nb5 Qd8 11. Bf4 Nd5 12. Bg3 a6 13. Nc3 O-O 14. Rc1 Nf6
15. a3 b6 16. Bc4 Bb7 17. Ba2 Rc8 18. Qd3 b5 19. Rfd1 b4 20. Na4 bxa3 21. bxa3
Nh5 22. Rb1 Nxg3 23. Rxb7 Nh5 24. Nb6 Rc7 25. Rxc7 Qxc7 26. Qxa6 Nb8 27. Qb5
Nf4 28. a4 Bd8 29. Rb1 Qc2 30. Qb3 Qxb3 31. Rxb3 Ne2+ 32. Kf1 Nc1 33. Rb2 Bxb6
34. Bc4 Nd7 35. Rb1 Rc8 36. Rxc1 Kf8 37. Rc2 Ke7 38. Ke2 Ra8 39. Bb5 Nf6 40.
Bc6 Rc8 41. Kd3 Kd6 42. Ne5 Ke7 43. Rb2 Bd8 44. Rb7+ Rc7 45. a5 h5 46. a6 Rxb7
47. Bxb7 Bb6 48. f3 Nh7 49. Kc4 f5 50. Kb5 1-0

[Event "Sodingen- Lippstadt"]
[Site "?"]
[Date "2023.03.05"]
[Round "6.3"]
[White "Besou, Hussain"]
[Black "Werrn, Pascal"]
[Result "0-1"]
[WhiteElo "2348"]
[BlackElo "2084"]
[PlyCount "102"]
[SourceVersionDate "2023.06.22"]

1. e4 c5 2. Nf3 Nc6 3. d4 cxd4 4. Nxd4 e5 5. Nb5 a6 6. Nd6+ Bxd6 7. Qxd6 Qf6 8.
Qd1 Qg6 9. Nc3 d5 10. Nxd5 Qxe4+ 11. Be2 Nd4 12. Nc7+ Ke7 13. c3 Nxe2 14. Qxe2
Qxe2+ 15. Kxe2 Rb8 16. Nd5+ Ke6 17. Rd1 Ne7 18. Nc7+ Kf6 19. Rd6+ Be6 20. Nxe6
fxe6 21. Rd1 Nd5 22. Bd2 b5 23. g3 g5 24. Kf3 h5 25. Ke4 Rbc8 26. Re1 Rc4+ 27.
Kf3 Kf5 28. Re2 g4+ 29. Kg2 Re4 30. Kf1 h4 31. Rxe4 Kxe4 32. Ke2 hxg3 33. hxg3
Rh2 34. a4 Ne7 35. axb5 axb5 36. Be1 Nf5 37. Kd1 Kd3 38. Ra6 e4 39. Rxe6 e3 40.
Re5 Rh1 41. Rd5+ Ke4 42. Rxf5 Kxf5 43. Ke2 exf2 44. Bxf2 Ke4 45. Be1 Rh8 46.
Bf2 Ra8 47. Be3 Ra2 48. Bc1 Ra1 49. Bf4 Rb1 50. b4 Rb2+ 51. Kf1 Rc2 0-1

[Event "Sodingen- Lippstadt"]
[Site "?"]
[Date "2023.03.05"]
[Round "6.4"]
[White "Becker, Joerg"]
[Black "Tran, Duc Cuong"]
[Result "1/2-1/2"]
[WhiteElo "2196"]
[BlackElo "2077"]
[PlyCount "78"]
[SourceVersionDate "2023.06.22"]

1. d4 Nf6 2. Nf3 d5 3. e3 c5 4. c4 cxd4 5. exd4 g6 6. Nc3 Bg7 7. Qb3 O-O 8.
cxd5 Nbd7 9. Bc4 Nb6 10. O-O Bf5 11. Bg5 Rc8 12. Bxf6 Bxf6 13. Be2 Qd6 14. Rac1
Rfd8 15. a4 Nxd5 16. Nxd5 Qxd5 17. Bc4 Rxc4 18. Qxc4 Qxc4 19. Rxc4 Bd3 20. Rc7
Bxf1 21. Kxf1 Rb8 22. Ke2 Kf8 23. Kd3 Ke8 24. g4 Kd8 25. Rc5 Rc8 26. Rb5 Rc7
27. h4 a6 28. Rb6 Rd7 29. Ke4 Kc7 30. Rb3 Rd6 31. g5 Bg7 32. Rd3 f5+ 33. Ke3
Re6+ 34. Kd2 Re4 35. Rc3+ Kd7 36. Kd3 Rf4 37. Ke3 Re4+ 38. Kd3 Rf4 39. Ke3 Re4+
1/2-1/2

[Event "Sodingen- Lippstadt"]
[Site "?"]
[Date "2023.03.05"]
[Round "6.5"]
[White "Kuehler, Andreas"]
[Black "Banik, Thorsten"]
[Result "1/2-1/2"]
[WhiteElo "1993"]
[BlackElo "2116"]
[PlyCount "62"]
[SourceVersionDate "2023.06.22"]

1. d4 Nf6 2. c4 g6 3. Nc3 d5 4. cxd5 Nxd5 5. Bd2 Bg7 6. e4 Nxc3 7. Bxc3 c5 8.
d5 Bxc3+ 9. bxc3 Qa5 10. Qd2 b5 11. Nf3 Nd7 12. c4 Qxd2+ 13. Nxd2 b4 14. Be2 e5
15. Bg4 Ke7 16. Bxd7 Bxd7 17. Nb3 Kd6 18. Na5 Rab8 19. Kd2 Rb6 20. Rhb1 Rhb8
21. a3 bxa3 22. Rxb6+ axb6 23. Nb3 Ra8 24. Kc3 b5 25. cxb5 Bxb5 26. Nd2 Ra4 27.
f3 f5 28. Kb3 Rd4 29. Kc3 Ra4 30. Kb3 Rd4 31. Kc3 Ra4 1/2-1/2

[Event "Sodingen- Lippstadt"]
[Site "?"]
[Date "2023.03.05"]
[Round "6.6"]
[White "Mueller, Frank"]
[Black "Graf, Tobias"]
[Result "1/2-1/2"]
[WhiteElo "1963"]
[BlackElo "1953"]
[PlyCount "63"]
[SourceVersionDate "2023.06.22"]

1. e4 e5 2. Nf3 Nc6 3. Bb5 a6 4. Ba4 Nf6 5. O-O Be7 6. Re1 b5 7. Bb3 d6 8. c3
O-O 9. h3 Nb8 10. d4 Nbd7 11. Nbd2 Bb7 12. Bc2 Re8 13. Nf1 Bf8 14. Ng3 g6 15.
b3 Bg7 16. Bb2 d5 17. dxe5 Nxe4 18. Nxe4 dxe4 19. Bxe4 Bxe4 20. Rxe4 Nxe5 21.
Qe2 Nxf3+ 22. Qxf3 Rxe4 23. Qxe4 Qe8 24. Qc2 Qe5 25. Rb1 Re8 26. c4 Qe2 27.
Qxe2 Rxe2 28. Bxg7 Kxg7 29. cxb5 axb5 30. a4 bxa4 31. bxa4 Ra2 32. Rc1 1/2-1/2

[Event "Sodingen- Lippstadt"]
[Site "?"]
[Date "2023.03.05"]
[Round "6.8"]
[White "Rohovoy, Dmitrij"]
[Black "Besou, Mustafa"]
[Result "1-0"]
[WhiteElo "1918"]
[BlackElo "1414"]
[PlyCount "51"]
[SourceVersionDate "2023.06.22"]

1. d4 d5 2. c4 e6 3. Nf3 Nf6 4. Nc3 Be7 5. Bf4 Nh5 6. Bg3 Nxg3 7. hxg3 b6 8. e3
dxc4 9. Ne5 f6 10. Qh5+ g6 11. Nxg6 hxg6 12. Qxh8+ Bf8 13. Qh7 g5 14. Bxc4 Qe7
15. Qg6+ Qf7 16. Qxf7+ Kxf7 17. d5 Kg7 18. dxe6 Bb7 19. Nd5 Nc6 20. O-O-O Rc8
21. Rh2 Re8 22. e7 Bxe7 23. Nxe7 Rxe7 24. Rdh1 Re5 25. Rh7+ Kf8 26. Rf7+ 1-0

[Event "Mülheim Nord 3- Lasker Köln"]
[Site "?"]
[Date "2023.03.05"]
[Round "6.1"]
[White "Wiekert, Martin"]
[Black "Walter, Andreas"]
[Result "0-1"]
[WhiteElo "2265"]
[BlackElo "2133"]
[Annotator "daniel"]
[PlyCount "86"]
[SourceVersionDate "2023.06.22"]

1. d4 d5 2. Nf3 Nf6 3. Bf4 c5 4. e3 Nc6 5. Nbd2 e6 6. c3 Nh5 7. Bg5 Qb6 8. Rb1
h6 9. Bh4 g5 10. Ne5 Nxe5 11. Qxh5 Ng6 12. Bg3 cxd4 13. exd4 e5 $11 14. Bd3 e4
15. Bc2 Bd6 16. Nf1 Be6 17. Ne3 O-O-O 18. Bxd6 Qxd6 19. g3 Rdg8 20. f3 f5 21.
fxe4 dxe4 22. Rf1 Ne7 23. Bb3 Kb8 24. Qe2 Re8 25. Qb5 Bd7 26. Qa5 Rhf8 27. Rd1
Qg6 28. Nc4 Qh5 29. Ne5 Bc8 30. Rd2 f4 31. gxf4 Qh4+ 32. Kd1 gxf4 33. Kc1 $11
f3 34. Nc4 Nf5 35. Ba4 e3 36. Bxe8 exd2+ 37. Nxd2 Rxe8 38. Nxf3 Qf4+ 39. Nd2
Qg4 40. Qd5 Ne3 41. Qd6+ Ka8 42. h3 Qe2 43. Rg1 Rg8 0-1

[Event "Mülheim Nord 3- Lasker Köln"]
[Site "?"]
[Date "2023.03.05"]
[Round "6.2"]
[White "Oltmanns, Jan"]
[Black "Paris, Michael"]
[Result "1-0"]
[WhiteElo "2155"]
[BlackElo "2135"]
[PlyCount "91"]
[SourceVersionDate "2023.06.22"]

1. e4 c5 2. Nf3 Nc6 3. d4 cxd4 4. Nxd4 e5 5. Nb5 d6 6. c4 Be6 7. N1c3 a6 8. Na3
Be7 9. Bd3 Bg5 10. Nc2 Bxc1 11. Rxc1 Nf6 12. O-O O-O 13. Ne3 Ne7 14. Qd2 Rc8
15. Rfd1 Qd7 16. Be2 Rfd8 17. b4 b6 18. Qb2 Qb7 19. Qa3 Nc6 20. b5 Nd4 21. bxa6
Ra8 22. Qxd6 Qxa6 23. Qxe5 Nxe2+ 24. Nxe2 Bxc4 25. Nc3 Be2 26. Rxd8+ Rxd8 27.
Nf5 Qa3 28. Re1 Bh5 29. Nd5 Qa5 30. Rf1 Qa6 31. Qe7 Rc8 32. Nxf6+ gxf6 33. g4
Bg6 34. Qxf6 Bxf5 35. gxf5 Qe2 36. Qh4 Kh8 37. Qf6+ Kg8 38. Qe5 f6 39. Qe6+ Kg7
40. Qe7+ Kg8 41. h3 Rc4 42. Qxf6 Rxe4 43. Qg5+ Kf7 44. Rc1 Rc4 45. Rxc4 Qxc4
46. f6 1-0

[Event "Mülheim Nord 3- Lasker Köln"]
[Site "?"]
[Date "2023.03.05"]
[Round "6.3"]
[White "Nagel, Bernhard"]
[Black "Kahleys, Kevin"]
[Result "0-1"]
[WhiteElo "2192"]
[BlackElo "2201"]
[PlyCount "136"]
[SourceVersionDate "2023.06.22"]

1. Nf3 d5 2. e3 Nf6 3. b3 Bf5 4. Bb2 e6 5. Nh4 Bg4 6. Be2 Bxe2 7. Qxe2 c5 8. f4
Bd6 9. Nf3 O-O 10. O-O Nc6 11. d3 d4 12. g3 dxe3 13. Qxe3 Rc8 14. Na3 Nd4 15.
Qd2 Bc7 16. Nc4 b5 17. Nce5 Bb6 18. Kg2 Nd5 19. c4 Ne7 20. Bxd4 cxd4 21. cxb5
Qd5 22. Nc4 Nf5 23. Rfb1 Qxb5 24. a4 Qd5 25. a5 Bd8 26. Ra2 f6 27. Qe2 g5 28.
Qe4 g4 29. Ne1 Rc5 30. Re2 Rb5 31. Qxd5 exd5 32. Na3 Rxa5 33. Nec2 Bb6 34. b4
Ra4 35. h3 h5 36. hxg4 hxg4 37. Rh1 Rc8 38. Rh5 Ne3+ 39. Kg1 Nxc2 40. Nxc2 Ra2
41. Rhh2 Rc3 42. Rd2 Rb2 43. Kf1 Rb1+ 44. Kf2 Rc1 45. Ne1 Rb3 46. Rh4 Rxb4 47.
Re2 Rcb1 48. Rxg4+ Kf7 49. Rh4 R4b2 50. f5 Rxe2+ 51. Kxe2 Rb2+ 52. Kf3 Rd2 53.
Rh7+ Ke8 54. Kg4 a5 55. Rb7 Rb2 56. Ng2 a4 57. Nf4 a3 58. Rb8+ Kd7 59. Ra8 a2
60. Nxd5 Bd8 61. Kf3 Rb5 62. Nxf6+ Bxf6 63. Rxa2 Rxf5+ 64. Kg4 Rf1 65. Ra5 Ke6
66. Ra6+ Kf7 67. Kh5 Rf3 68. g4 Rh3# 0-1

[Event "Mülheim Nord 3- Lasker Köln"]
[Site "?"]
[Date "2023.03.05"]
[Round "6.4"]
[White "Bus, Tom"]
[Black "Pawelzik, Malte"]
[Result "0-1"]
[WhiteElo "2131"]
[BlackElo "2135"]
[Annotator "daniel"]
[PlyCount "158"]
[SourceVersionDate "2023.06.22"]

1. Nf3 Nf6 2. g3 g6 3. b3 Bg7 4. Bb2 O-O 5. Bg2 d5 6. c4 Nc6 7. cxd5 Nxd5 8.
Bxg7 Kxg7 9. h4 e5 10. Qc1 h5 11. Nc3 Re8 12. Qb2 Nxc3 13. Qxc3 Nd4 14. Rc1 c6
15. Ng5 Bg4 16. f3 Bf5 17. Kf2 f6 18. Nh3 Qb6 19. e3 Nb5 20. Qb2 Rad8 21. Rhd1
Rd6 22. Rc4 $11 Bd3 23. g4 Bxc4 24. bxc4 Nc7 25. Qc2 Ne6 26. gxh5 gxh5 27. Bf1
Red8 28. Be2 Qc7 29. Rg1+ Kf8 30. Qf5 Qf7 31. d3 Ke7 32. f4 Rh8 33. Rg6 Ng7 34.
Qe4 Kd7 35. f5 Kc7 36. a4 b6 37. Bf3 Qd7 38. Be2 Qxf5+ 39. Bf3 Qxh3 40. Rxg7+
Kb8 41. c5 bxc5 42. d4 Rd7 43. Qxc6 Rxg7 44. Qa8+ Kc7 45. Qxa7+ Kd8 46. Qxg7
Qxh4+ 47. Kf1 Re8 48. Bc6 Qh3+ 49. Kf2 Qf5+ 50. Ke1 exd4 51. Bxe8 dxe3 52. Ke2
Kxe8 53. Qg8+ Ke7 54. Qg7+ Kd6 55. Qf8+ Kd5 56. Qa8+ Kc4 57. Qa6+ Kc3 58. Kxe3
Qe5+ 59. Kf3 c4 60. Qb5 Kd3 61. Qb1+ Kc3 62. Qb5 Kd3 63. Qb1+ Kd2 64. Qa2+ Kc3
65. Qa3+ Kd4 66. a5 Qf5+ 67. Kg2 Qg4+ 68. Kh2 Qe2+ 69. Kh1 c3 70. Qd6+ Ke3 71.
Qc5+ Kd2 72. Qd5+ Kc1 73. Qc6 c2 74. a6 Kd1 75. Qd5+ Ke1 76. a7 c1=Q 77. a8=Q
Kf2+ 78. Kh2 Qg1+ 79. Kh3 Qeg4# 0-1

[Event "Mülheim Nord 3- Lasker Köln"]
[Site "?"]
[Date "2023.03.05"]
[Round "6.5"]
[White "Loseries, Uwe"]
[Black "Mainusch, Martin"]
[Result "1/2-1/2"]
[WhiteElo "2181"]
[BlackElo "2074"]
[PlyCount "30"]
[SourceVersionDate "2023.06.22"]

1. d4 d5 2. c4 dxc4 3. Nf3 a6 4. a4 Nf6 5. e3 e6 6. Bxc4 c5 7. O-O cxd4 8. exd4
Nc6 9. Nc3 Be7 10. h3 O-O 11. Be3 Nd5 12. Nxd5 exd5 13. Ba2 Be6 14. Ne5 Qb6 15.
Qb3 Qxb3 1/2-1/2

[Event "Mülheim Nord 3- Lasker Köln"]
[Site "?"]
[Date "2023.03.05"]
[Round "6.6"]
[White "Grodotzki, Kenneth"]
[Black "Fox, Daniel"]
[Result "0-1"]
[WhiteElo "2037"]
[BlackElo "2162"]
[PlyCount "76"]
[SourceVersionDate "2023.06.22"]

1. f4 Nf6 2. Nf3 d5 3. d3 c5 4. g3 Nc6 5. Bg2 g6 6. O-O Bg7 7. Qe1 O-O 8. h3
Qc7 9. e4 dxe4 10. dxe4 e5 11. c3 Re8 12. fxe5 Nxe5 13. Nxe5 Qxe5 14. Qf2 b6
15. Bf4 Qe6 16. e5 Nd5 17. c4 Nxf4 18. gxf4 Rb8 19. Nc3 Qxc4 20. Rad1 Bb7 21.
Bxb7 Rxb7 22. Qf3 Rbb8 23. b3 Qe6 24. Rd6 Qf5 25. Ne4 Re6 26. Kg2 Rxd6 27. Nxd6
Qe6 28. Rd1 Bf8 29. Nc4 Be7 30. Ne3 f6 31. Qd5 Kf7 32. Ng4 Qxd5+ 33. Rxd5 Rd8
34. Rxd8 Bxd8 35. Kf3 h5 36. Ne3 fxe5 37. fxe5 Ke6 38. Ke4 Bc7 0-1

[Event "Mülheim Nord 3- Lasker Köln"]
[Site "?"]
[Date "2023.03.05"]
[Round "6.7"]
[White "Cramer, Volker"]
[Black "Roitburd, Talik"]
[Result "1/2-1/2"]
[WhiteElo "2066"]
[BlackElo "2144"]
[PlyCount "61"]
[SourceVersionDate "2023.06.22"]

1. d4 Nf6 2. Bg5 e6 3. e4 Be7 4. Nd2 d6 5. Bd3 h6 6. Bxf6 Bxf6 7. c3 Nc6 8. f4
e5 9. fxe5 dxe5 10. d5 Ne7 11. Qf3 O-O 12. O-O-O Rb8 13. Kb1 b5 14. Nb3 a5 15.
Ne2 a4 16. Nc5 Qd6 17. Qf2 Qb6 18. Rhf1 Ng6 19. Bc2 Be7 20. Nd3 Qa5 21. a3 Bg4
22. Nb4 Bd7 23. Ng3 Qb6 24. Nf5 Qxf2 25. Nxe7+ Nxe7 26. Rxf2 Nc8 27. Na6 Rb6
28. Nc5 Bg4 29. Rdf1 Nd6 30. h3 Bc8 31. Re1 1/2-1/2

[Event "Katernberg 2- Krefeld"]
[Site "?"]
[Date "2023.03.05"]
[Round "6.1"]
[White "Gutkin, Ilya"]
[Black "Gassmann, Volker"]
[Result "1-0"]
[WhiteElo "2253"]
[BlackElo "2166"]
[Annotator "daniel"]
[PlyCount "71"]
[SourceVersionDate "2023.06.22"]

1. Nf3 d5 2. g3 g6 3. Bg2 Bg7 4. c4 dxc4 5. Na3 Nc6 6. Nxc4 e5 7. O-O Nge7 8.
Rb1 Be6 9. b3 O-O 10. Bb2 Bd5 11. d3 e4 12. Ne1 Bxb2 13. Rxb2 exd3 14. Nxd3
Bxg2 15. Kxg2 Qd5+ 16. Kg1 Rad8 $11 17. Rd2 b5 18. Ne3 Qh5 19. Qa1 Nd5 20. Nxd5
Qxd5 21. Rfd1 Ne7 22. Qc1 Rc8 23. Nc5 Qc6 24. Rc2 Rfd8 25. Nd7 Qe6 26. Rcd2 Nf5
27. Qc3 Nd6 28. Nf6+ Kg7 29. Nh5+ Kh6 30. Qg7+ Kg5 31. Nf4 Qe7 32. Rd5+ Nf5 33.
f3 Rxd5 34. Rxd5 Qe3+ 35. Kg2 Qxf4 36. gxf4+ 1-0

[Event "Katernberg 2- Krefeld"]
[Site "?"]
[Date "2023.03.05"]
[Round "6.2"]
[White "Villwock, Martin"]
[Black "Ricken, Katharina"]
[Result "1-0"]
[WhiteElo "2094"]
[BlackElo "2205"]
[PlyCount "83"]
[SourceVersionDate "2023.06.22"]

1. Nf3 c5 2. e4 Nc6 3. Bb5 Nf6 4. Nc3 Qc7 5. a4 e5 6. O-O Be7 7. d3 h6 8. Bc4
d6 9. Ne2 Bg4 10. Ne1 Nd4 11. f3 Be6 12. Nxd4 cxd4 13. Bxe6 fxe6 14. Bd2 O-O
15. Qb1 Qd7 16. Qa2 Kh8 17. g3 Rac8 18. Rc1 Rc6 19. b4 d5 20. b5 Rcc8 21. Ng2
dxe4 22. fxe4 Nh7 23. Qb3 Bg5 24. Qb4 Rxf1+ 25. Rxf1 Rxc2 26. Bxg5 hxg5 27. Ne1
Rc1 28. Qd2 Qc7 29. Qe2 g6 30. g4 Qc3 31. Qf2 Qc7 32. Qg3 Kg7 33. h4 Rc5 34.
Nf3 Qe7 35. h5 Nf8 36. Nxe5 Qd6 37. h6+ Kg8 38. Qf2 Rc7 39. Qf6 Qe7 40. Qxe7
Rxe7 41. Rxf8+ Kxf8 42. Nxg6+ 1-0

[Event "Katernberg 2- Krefeld"]
[Site "?"]
[Date "2023.03.05"]
[Round "6.3"]
[White "Van der Valk, Niklas"]
[Black "Scheck, Kyrill"]
[Result "0-1"]
[WhiteElo "2141"]
[BlackElo "2153"]
[PlyCount "76"]
[SourceVersionDate "2023.06.22"]

1. c4 Nf6 2. Nc3 d5 3. cxd5 Nxd5 4. g3 g6 5. Bg2 Nxc3 6. bxc3 Bg7 7. Rb1 O-O 8.
Nf3 c5 9. O-O Nc6 10. Qa4 Qa5 11. Qxa5 Nxa5 12. d4 cxd4 13. cxd4 b6 14. Nh4 Bb7
15. Bxb7 Nxb7 16. e3 Rac8 17. Ba3 Bf6 18. Rbc1 Bxh4 19. gxh4 Nd6 20. Bxd6 exd6
21. e4 Rfe8 22. f3 f5 23. Rxc8 Rxc8 24. Rf2 Rc4 25. Rd2 Rc3 26. Kf2 fxe4 27.
fxe4 Rh3 28. Kg2 Re3 29. e5 dxe5 30. d5 Kf7 31. Rc2 Ra3 32. Kg1 Ke7 33. Rc7+
Kd6 34. Rxh7 Rxa2 35. Rh6 Kxd5 36. Rxg6 b5 37. h5 b4 38. Rg3 Ra6 0-1

[Event "Katernberg 2- Krefeld"]
[Site "?"]
[Date "2023.03.05"]
[Round "6.4"]
[White "Irkilmez, Yakub"]
[Black "Panjer, Sidney"]
[Result "1/2-1/2"]
[WhiteElo "2114"]
[BlackElo "2036"]
[PlyCount "41"]
[SourceVersionDate "2023.06.22"]

1. d4 d5 2. Nf3 Nf6 3. g3 e6 4. Bg2 Be7 5. O-O O-O 6. c4 dxc4 7. Qc2 a6 8. a4
Bd7 9. Rd1 Bc6 10. Nc3 Bxf3 11. Bxf3 Nc6 12. Bxc6 bxc6 13. a5 Rb8 14. Ra4 Rb4
15. Na2 Rxa4 16. Qxa4 Qd5 17. Nc3 Qh5 18. Qxc6 Qxa5 19. Qxc4 Rd8 20. Bf4 c5 21.
d5 1/2-1/2

[Event "Katernberg 2- Krefeld"]
[Site "?"]
[Date "2023.03.05"]
[Round "6.5"]
[White "Van Gool, Rudi"]
[Black "Dahm, Bernd"]
[Result "1/2-1/2"]
[WhiteElo "2143"]
[BlackElo "2121"]
[PlyCount "32"]
[SourceVersionDate "2023.06.22"]

1. d4 Nf6 2. Nf3 e6 3. c4 Bb4+ 4. Nc3 c5 5. e3 O-O 6. Bd2 cxd4 7. exd4 d5 8. a3
Bxc3 9. bxc3 dxc4 10. Bxc4 b6 11. O-O Bb7 12. Qe2 Qc7 13. Ne5 Nbd7 14. Nxd7
Qxd7 15. f3 Rac8 16. Rfc1 h6 1/2-1/2